| 000 | 004240000a22001810004500 | ||
|---|---|---|---|
| 003 | MACL | ||
| 005 | 20160129161313.0 | ||
| 008 | 160129b xxu||||| |||| 00| 0 eng d | ||
| 040 |
_aMACL _cMACL |
||
| 041 | _aEnglish | ||
| 082 | _a823/KAM | ||
| 100 |
_aKampchen, Martin _914484 |
||
| 245 | _aMy Broken Love | ||
| 260 |
_bViking _c2001 _aNew Delhi |
||
| 350 | _a395 | ||
| 650 |
_aFiction _935632 |
||
| 942 |
_cBK _k823/kam _2ddc |
||
| 999 |
_c31408 _d31408 |
||